| 000 | 01288nam0a2200301 4500 | ||
|---|---|---|---|
| 001 | RU\NLR\bibl\194736 | ||
| 005 | 20260407121652.0 | ||
| 021 |
_aRU _b98-2021 _997 |
||
| 035 | _a(NLR Aleph) 000191220 | ||
| 090 |
_a1105941 _c1105941 |
||
| 100 | _a20011022d1997 |||y0rusy50 ca | ||
| 101 | 0 | _arus | |
| 102 | _aRU | ||
| 105 | _ay ||||||||| | ||
| 200 | 1 |
_aРоссийская Федерация. Совет Федерации Федерального Собрания. Заседание двадцать седьмое, 24 дек. 1997 г. _eБюл. N 1 (136) |
|
| 210 |
_aМ. _cСовет Федерации _d1997 |
||
| 215 |
_a63 с. _d30 |
||
| 601 | 0 | 1 |
_aРоссийская Федерация _bФедеральное собрание _xСовет Федерации _91538679 _3RU\NLR\auth\66971936 |
| 601 | 0 | 1 |
_aРоссийская Федерация _bСовет Федерации _92092577 _3RU\NLR\auth\661266443 |
| 686 | _aХ620.611.32Р | ||
| 710 | 0 | 1 |
_aРоссийская Федерация _bСовет Федерации _bЗаседание _d27 _f1997, декабрь _3RU\NLR\AUTH\8810070396 _9642466 |
| 801 | 0 |
_aRU _bNLR _c20011022 _gPSBO |
|
| 801 | 1 |
_aRU _bNLR _c20011022 |
|
| 852 |
_aNLR _j99-9/172 |
||
| 942 | _cBOOK | ||
| 980 | _aNB | ||